Τα επτά θαύματα του αρχαίου κόσμου

Αποθηκεύτηκε σε:
Λεπτομέρειες βιβλιογραφικής εγγραφής
Άλλοι συγγραφείς: Clayton, Peter A. (Επιμελητής έκδοσης), Price, Martin, 1939-1995 (Επιμελητής έκδοσης), Γρηγοροπούλου, Βάνα (edtf)
Μορφή: Βιβλίο
Γλώσσα:Greek
English
Δημοσίευση: Αθήνα : Αλεξάνδρεια, 1998.
Έκδοση:2η έκδ.
Σειρά:Ο αρχαίος κόσμος (Αλεξάνδρεια)
Θέματα:
Ετικέτες: Προσθήκη ετικέτας
Δεν υπάρχουν, Καταχωρήστε ετικέτα πρώτοι!

MARC

LEADER 00000cam a2200000 i 4500
001 1/64146
008 041026s1998 gr | ||| |||| ||gre||
020 |a 960221077X 
035 |l 10074955 
040 |a GR-MY-UA  |b gre  |e aacr 
041 1 |a gre  |h eng 
082 7 |a 930.09822  |2 (22) 
245 1 3 |a Τα επτά θαύματα του αρχαίου κόσμου /   |c Peter A. Clayton, Martin J. Price (Επιμέλεια) ; μετάφραση: Λίλα Σωτηροπούλου ; επιμέλεια: Βάνα Γρηγοροπούλου.  
250 |a 2η έκδ. 
260 |a Αθήνα :   |b Αλεξάνδρεια,   |c 1998.  
300 |a 214 σ. :   |b εικ. ;   |c 20 εκ. 
490 1 |a (Ο αρχαίος κόσμος / Αλεξάνδρεια) 
504 |a Βιβλιογραφία: σ. 205-208. Ευρετήριο.  
650 0 0 |a Seven Wonders of the World. 
700 1 |a Clayton, Peter A.  |e edt 
700 1 |a Price, Martin,   |d 1939-1995,  |e edt 
700 1 |a Γρηγοροπούλου, Βάνα,  |e edtf 
830 0 |a Ο αρχαίος κόσμος (Αλεξάνδρεια) 
852 |a INST  |b RHODES  |e 20041026  |h 930.09822 ΕΠΤ  |p 005400018278  |q 005400018278  |t BK  |y 0 
852 |a INST  |b SYROS  |e 20051116  |h 930.09822 ΕΠΤ  |p 005500005119  |q 005500005119  |t BK  |y 0 
901 |a BIBL5-2005-3 
901 |a BIBL4-2004-3 
909 |a Ε  |b 117242 
909 |a Ρ  |b 110098 
920 |a ΔΙΕΥΡΥΝΣΗ  |b ΕΠΕΑΕΚ ΙΙ-ΤΜΣ  |y Ρόδος  |z 2004-10 
922 |a 5ΕΛΗ  |b 200511  |c ΒΙΒΛΙΟΘΗΚΗ ΣΥΡΟΥ  |d ΣΕΛΕΦΑΪΣ 
970 |a ΚΟΥΛΑΚΙΟΤΗ  |b ΛΙΤΣΑ  |z 2004/10/26